Leyendas y narraciones japonesas : (Record no. 10848)
[ view plain ]
| 000 -CABECERA | |
|---|---|
| campo de control de longitud fija | 01452nam a22003137a 4500 |
| 001 - NÚMERO DE CONTROL | |
| campo de control | BRCA_9229 |
| 003 - IDENTIFICADOR DEL NÚMERO DE CONTROL | |
| campo de control | FranzMayer |
| 005 - FECHA Y HORA DE LA ÚLTIMA TRANSACCIÓN | |
| campo de control | 20220921134454.0 |
| 008 - DATOS DE LONGITUD FIJA--INFORMACIÓN GENERAL | |
| campo de control de longitud fija | 220912b |||||||| |||| 00| 0 eng d |
| 020 ## - NÚMERO INTERNACIONAL ESTÁNDAR DEL LIBRO | |
| Número Internacional Estándar del Libro | 9788493974152 |
| 040 ## - FUENTE DE LA CATALOGACIÓN | |
| Lengua de catalogación | spa |
| Centro/agencia transcriptor | MFM |
| 041 1# - CÓDIGO DE LENGUA | |
| Código de lengua del texto/banda sonora o título independiente | spa |
| 050 ## - SIGNATURA TOPOGRÁFICA DE LA BIBLIOTECA DEL CONGRESO | |
| Número de clasificación | GR340. |
| Número de documento/Ítem | L49 2013 |
| 245 ## - MENCIÓN DE TÍTULO | |
| Título | Leyendas y narraciones japonesas : |
| Resto del título | Versión de Gonzalo Jiménez de la Espada |
| 260 ## - PUBLICACIÓN, DISTRIBUCIÓN, ETC. | |
| Lugar de publicación, distribución, etc. | España : |
| Nombre del editor, distribuidor, etc. | Langre, |
| Fecha de publicación, distribución, etc. | 2013 |
| 300 ## - DESCRIPCIÓN FÍSICA | |
| Extensión | 256 p. : |
| Otras características físicas | il. ; |
| Dimensiones | 14 x 21 cm. |
| 490 ## - MENCIÓN DE SERIE | |
| Mención de serie | ocho islas |
| 500 ## - NOTA GENERAL | |
| Nota general | Ubicación: L60-N1 |
| 500 ## - NOTA GENERAL | |
| Nota general | Edición facsímil del texto publicado en 1914 / ilustraciones a color |
| 520 ## - SUMARIO, ETC. | |
| Sumario, etc. | Traducidas por Gonzalo Jiménez de la Espada, profesor de español en Tokio entre 1907 y 1917, y publicadas en Japón por Takejiro Hasegawa en 1914, con hermosas ilustraciones de dos de los últimos maestros del ukiyo-é, las Leyendasy Narraciones Japonesas nos llevan al mundo mágico y eterno de samurais, demonios y animales del bosque. - Proporcionado por la editorial. |
| 650 ## - PUNTO DE ACCESO ADICIONAL DE MATERIA--TÉRMINO DE MATERIA | |
| Término de materia o nombre geográfico como elemento de entrada | Literatura |
| Subdivisión geográfica | Japón |
| 9 (RLIN) | 28541 |
| 650 ## - PUNTO DE ACCESO ADICIONAL DE MATERIA--TÉRMINO DE MATERIA | |
| Término de materia o nombre geográfico como elemento de entrada | Leyendas |
| Subdivisión general | Fantasía |
| Subdivisión geográfica | Japón |
| 9 (RLIN) | 28549 |
| 700 ## - PUNTO DE ACCESO ADICIONAL--NOMBRE DE PERSONA | |
| Nombre de persona | Jiménez de la Espada, Gonzalo |
| Fechas asociadas al nombre | 1874-1938 |
| Término indicativo de función/relación | trad. |
| 9 (RLIN) | 28550 |
| 700 ## - PUNTO DE ACCESO ADICIONAL--NOMBRE DE PERSONA | |
| Nombre de persona | Pazó Espinosa, José |
| Término indicativo de función/relación | ed. |
| -- | textos |
| 9 (RLIN) | 28551 |
| 700 ## - PUNTO DE ACCESO ADICIONAL--NOMBRE DE PERSONA | |
| Nombre de persona | Baquero Cruz, Julio, |
| Fechas asociadas al nombre | 1972- |
| Término indicativo de función/relación | ed. |
| -- | textos |
| 9 (RLIN) | 28552 |
| 700 ## - PUNTO DE ACCESO ADICIONAL--NOMBRE DE PERSONA | |
| Nombre de persona | Almazán, David |
| Término indicativo de función/relación | ed. |
| -- | textos |
| 9 (RLIN) | 28553 |
| 942 ## - ELEMENTOS DE PUNTO DE ACCESO ADICIONAL (KOHA) | |
| Fuente del sistema de clasificación o colocación | Library of Congress Classification |
| Tipo de ítem Koha | Libros |
| Estado de retiro | Estado de pérdida | Fuente del sistema de clasificación o colocación | Estado dañado | No para préstamo | Localización permanente | Ubicación/localización actual | Fecha de adquisición | Total de préstamos | Signatura topográfica completa | Código de barras | Fecha visto por última vez | Precio válido a partir de | Tipo de ítem Koha |
|---|---|---|---|---|---|---|---|---|---|---|---|---|---|
| El ejemplar forma parte de la colección y puede ser consultado según las políticas vigentes. | Library of Congress Classification | Biblioteca del Museo Franz Mayer (Rogerio Casas-Alatriste) | Biblioteca del Museo Franz Mayer (Rogerio Casas-Alatriste) | 13/09/2022 | GR340. L49 2013 | CONT10017 | 13/09/2022 | 13/09/2022 | Libros |